Teoría medieval de la belleza
Gardado en:
| Autor Principal: | |
|---|---|
| Formato: | Libro |
| Idioma: | Lingua castelá |
| Publicado: |
Barcelona
Jose J., de Olaneta
1987
|
| Series: | Ediciones de la tradición unanime, 29
|
| Subjects: | |
| Tags: |
Engadir etiqueta
Sen Etiquetas, Sexa o primeiro en etiquetar este rexistro!
|
MARC
| LEADER | 00000nam a2200000 a 4500 | ||
|---|---|---|---|
| 001 | UCY2884 | ||
| 003 | CL-VaPUC | ||
| 008 | 941125e19870000SP |||||||||||||||||spa|d | ||
| 082 | 0 | 4 | |a 701 |b COO |2 21 |
| 100 | 0 | |a Coomaraswamy, Ananda Kentish |e author |9 331033 | |
| 245 | 1 | 0 | |a Teoría medieval de la belleza |
| 300 | |a 61 p | ||
| 942 | |c BK | ||
| 945 | |d 19941125 00:00:00 |a mfernand | ||
| 260 | |a Barcelona |b Jose J., de Olaneta |c 1987 | ||
| 650 | 0 | |a Filosofía del arte |9 264951 | |
| 583 | |a last modification |c 19941125 00:00:00 |k Rodrigo Vera | ||
| 490 | 0 | |a Ediciones de la tradición unanime, 29 | |
| 999 | |c 231166 |d 231164 | ||
| 952 | |0 0 |1 0 |4 0 |6 701_000000000000000_COO_1987 |7 0 |8 A |9 234025 |a BIBART |b BIBART |d 2019-11-15 |i 3034399 |o 701 COO 1987 |p 3034399 |r 2025-03-13 |w 2019-11-15 |y BK |k ART | ||